Statistics for Daily Country Riddle #67

Click here to take the quiz!

General Stats

  • This quiz has been taken 104 times
  • The average score is 12 of 15

Answer Stats

TypeAnswer% Correct
Found LetterA
100%
Found LetterN
97%
Found LetterA
91%
Correctly Placed LetterA
87%
Correctly Placed LetterN
84%
Found LetterU
81%
Correctly Placed LetterA
79%
Found LetterT
76%
Found LetterU
71%
Correctly Placed LetterU
68%
Correctly Placed LetterV
68%
Found LetterV
68%
Correctly Placed LetterT
67%
Correctly Placed LetterU
67%
Mystery CountryVanuatu
67%

Score Distribution

Percentile by Number Answered

Percent of People with Each Score

Your Score History

You have not taken this quiz